|
|
|
|
| LEADER |
00000nab a2200000 a 4500 |
| 001 |
vtls000785654 |
| 003 |
SK-MaSNL |
| 005 |
20260304172114.0 |
| 008 |
140301c2002 xo 0 slo |
| 015 |
|
|
|a SNBRB2002/03-08262
|
| 035 |
|
|
|a CLN000137319
|
| 040 |
|
|
|a SNKBUCL
|b slo
|c SNKBUCL
|e AACR2
|
| 041 |
0 |
|
|a slo
|
| 044 |
|
|
|a xo
|c SK
|
| 080 |
|
|
|a 378.4:358.4(437.6)
|2 1997
|
| 080 |
|
|
|a 358.4(437.6)
|2 1997
|
| 080 |
|
|
|a 355.232(437.6):358.4
|2 1997
|
| 080 |
|
|
|a 358.4
|2 1997
|
| 100 |
1 |
|
|a Hutňan, Marián
|4 aut
|9 838495
|
| 245 |
1 |
0 |
|a Letecká akadémia v Košiciach zatiaľ nezanikne
|b Akadémia obrany SR by mala vzniknúť k 1. septembru 2003
|c Marián Hutňan, Richard Sťahel
|
| 300 |
|
|
|b Fotogr.
|
| 610 |
|
7 |
|a Vojenská letecká akadémia generála M. R. Štefánika v Košiciach
|2 snkbucl
|9 81506
|
| 651 |
|
7 |
|a Košice (Slovensko)
|2 snkbucl
|9 18694
|
| 655 |
|
7 |
|a články z novín a časopisov
|2 snkbucl
|9 267496
|
| 700 |
1 |
|
|a Sťahel, Richard,
|d 1974-
|4 aut
|9 170640
|
| 773 |
0 |
|
|t Hospodárske noviny
|g Roč. 10, č. 35 (19.2.2002), s. 2
|x 1335-4701
|
| 850 |
|
|
|a Slovenská národná knižnica v Martine
|
| 852 |
|
|
|a SNK
|b KIS3GCP
|
| 958 |
|
|
|a SK
|
| 992 |
|
|
|a RBX
|
| 999 |
|
|
|c 2996626
|d 2998556
|